| 000 | 01569nam a2200265Ia 4500 | ||
|---|---|---|---|
| 001 | 10671 | ||
| 003 | GE_BSU | ||
| 008 | 181216s||||||||xx |||||||||||||| ||und|| | ||
| 020 | _a9789994059126 | ||
| 040 | _cGE_BSU | ||
| 080 | _a070(479.22)(092) | ||
| 100 | _aასლანიშვილი–ბავრელი,სოლომონ | ||
| 245 | _aწერილები "ოსმალოს საქართველოზე | ||
| 245 | _bსამხრ.კავკასიისა და ანატოლიის კვლევ.ცენტრი.(სამხრეთ კავკასია და ანატოლია) | ||
| 245 | _cტექსტი გამოსაც.მოამზ.,შესავ.წერილი შენ.და საძ.დაურთეს ლელა ქურდაძემ და გოჩა საითიძემ.რედ.როინ მეტრეველი | ||
| 260 | _aთბილისი | ||
| 260 | _bარტანუჯი | ||
| 260 | _c2008 | ||
| 300 | _a226გვ,20სმ. | ||
| 520 | _aგარეკანის პირველ გვერდზე:თურქეთი. ხანძთის მონასტერი სოფ.ფორთასთან.ბუბა კუდავას ფოტო | ||
| 541 | _h7ლ.50თ. | ||
| 653 | _aქართველები თურქეთში | ||
| 653 | _aქართველი ჟურნალისტები; საქართველოს ისტორია; | ||
| 942 | _cBK | ||
| 999 |
_c43922 _d43922 |
||